000 00879cam a22002655i 4500
001 18494441
003 SISC
005 20160602152500.0
008 150213s2015 mau 000 0 eng
010 _a 2015933572
020 _a9780128018675
040 _aDLC
_beng
_erda
_cDLC
042 _apcc
050 _aTK 5105.59
_b.C496 2015
100 1 _aChauhan, Sudhanshu.
245 1 0 _aHacking web intelligence :
_bopen source intelligence and web reconnaissance concepts and techniques /
_cSudhanshu Chauhan, Nutan Kumar Panda.
250 _a1st edition.
260 _aAmsterdam :
_bElsevier,
_c2015.
263 _a1505
300 _axvii, 281pages ;
_c24 cm.
500 _aIncludes index.
906 _a0
_bibc
_corignew
_d2
_eepcn
_f20
_gy-gencatlg
942 _2lcc
_cBK
999 _c295580
_d295580